• 首页
  • 本馆介绍
  • 公告通知
  • 最新文献
  • 馆藏检索
  • 电子资源
  • 读者导购
  • 参考咨询
  • 我的图书馆
  • 登录
  • 详细信息显示
  • 放入我的书架
  • 预约/预借图书
  • 作者相关作品
  • 分类相关作品
  • 丛书相关作品
  • 出版社相关作品

书目信息

  • 表格格式
  • 工作单格式
  • 卡片格式
题名:
骈字类编索引
    
 
作者: 何冠义 编
分册:  
出版信息: 北京   中国书店  1988.12
页数: 1094,19页
开本: 20cm
丛书名:
单 册:
中图分类: Z89:H
科图分类:
主题词: 索引--语言 , 索引--文字
电子资源:
ISBN:
000 00621nam0 2200229 45
001 0189012165
005 20050509085113.2
010    @b精装@dCNY16.00
020    @aCN@b89012165
100    @a19910105d1988 m y0chiy0120 ea
101 0  @achi
102    @aCN@b110000
105    @ay z 000yy
200 10 @a骈字类编索引@Apian zi lei bian suo yin@f何冠义等编@Fhe guan yi deng bian
210    @a北京@c中国书店@d1988.12
215    @a1094,19页@d20cm
606 0  @a索引@x语言
606 0  @a索引@x文字
690    @aZ89:H@v3
701  0 @a何冠义@4编
801  0 @aCN@bNLC@c19910105
905    @f2@b236852-853@dZ89:H@e96@b236855@f1
    
    骈字类编索引/何冠义等编.-北京:中国书店,1988.12
    1094,19页;20cm
    
    
    ISBN (精装):CNY16.00
    
●
相关链接 在E读中查询图书 在五车中查询图书 在当当中查询图书 在豆瓣中查询图书


正题名:骈字类编索引     索取号:Z89:H/96         预约/预借

序号 登录号 条形码 馆藏地/架位号 状态 备注
1 0236852   000431697   第三借阅区/ [索取号:Z89:H/96] 在馆    
2 0236853   000431768   密集书库/ [索取号:Z89:H/96] 在馆    
3 0236854   202125752   第二样本阅览室/ [索取号:Z89:H/96] 在馆    
4 0236855   002035354   工具书阅览室/ [索取号:Z89:H/96] 在馆    
唐山师范学院图书馆 欢迎您!
大连网信软件有限公司© 版权所有